000
00294nam a22001097a 4500
008
230620b xxu||||| |||| 00| 0 eng d
082
_a
320.09
_b
BAI 1963
245
_a
The United Nations
_b
A Short Political Guide
260
_a
London
_b
Pall Mall Press Ltd
_c
1963
300
_a
141p
942
_2
ddc
_c
BK
999
_c
1617
_d
1617